Rumi and the Whirling Dervishes / (Record no. 66460)
[ view plain ]
| 000 -الفاتح | |
|---|---|
| حقل البيانات ثابتة الطول | 00582nam a2200193Ia 4500 |
| 005 - وقت وتاريخ اخر تعامل مع التسجيلة | |
| رقم الضبط | 20240530110920.0 |
| 008 - عناصر البيانات ثابتة الطول - معلومات عامة | |
| حقل البيانات ثابتة الطول | 140319s2003 ua cf 000 0 eng d |
| 040 ## - مصدر الفهرسة | |
| وكالة الفهرسة الأصلية | GCL / |
| وكالة النسخ | GCL |
| 082 04 - رقم تصنيف ديوى العشرى | |
| رقم التصنيف | 279.4/ |
| رقم المادة | S R |
| 100 1# - المدخل الرئيسى - إسم شخصى | |
| رمز الرابط | Friedlander, Shems |
| 110 1# - المدخل الرئيسى - إسم هيئة | |
| اسم الهيئة أو اسم السلطة كمدخل | Minstry of Information and Broadcasting Government of India |
| 245 10 - بيان العنوان | |
| العنوان | Rumi and the Whirling Dervishes / |
| بيان المسئوليه,etc | Shems Friedlander |
| 260 ## - PUBLICATION, DISTRIBUTION, ETC. (IMPRINT) | |
| تاريخ النشر أو التوزيع | 2003. |
| 300 ## - الوصف المادى | |
| التعداد | 167P. : |
| تفاصيل ماديه اخرى للوعاء | ill ; |
| أبعاد الوعاء | 30 cm. |
| 650 0# - المدخل الاضافى بالموضوع-مصطلح موضوعى | |
| مصطلح موضوعي | ARCHAEOLOGY |
| 650 0# - المدخل الاضافى بالموضوع-مصطلح موضوعى | |
| مصطلح موضوعي | Dervishes |
| 942 ## - عناصر المدخل الإضافي( كوها) | |
| مصدر التصنيف او مخطط الترفيف | Dewey Decimal Classification |
| Koha [default] item type | كتاب |
| 260 ## - PUBLICATION, DISTRIBUTION, ETC. (IMPRINT) | |
| -- | cairo : |
| -- | The American University in Cairo Press ، |
| حالة التراجع | حالة الفقد | مصدر التصنيف او خطة الترفيف | حالة تلف | ليس للاعارة | المكان المؤقت | الموقع الحالى | موقع الترفيف | تاريخ الاكتساب | اجمالي اﻻعارات | رقم الطلب | الباركود | تاريخ اخر مشاهدة | تاريخ تفعيل السعر | نوع وعاء كوها |
|---|---|---|---|---|---|---|---|---|---|---|---|---|---|---|
| ddc | مكتبة القاهرة الكبرى | مكتبة القاهرة الكبرى | ق الرئيسية_الديانات_ك انجليزى | 05/25/2022 | 279.4/ S R | 167976 | 05/25/2022 | 05/25/2022 | كتاب |

